Seoul Metropolitan Subway Line 9 Stations - Statistics

General Stats
  • This quiz has been taken 31 times
    20 since last reset
  • The average score is 26 of 38
Answer Stats
Station
Number
Station Name Transfer % Correct
902 Gimpo Int'l Airport Line 5Airport Railroad Gimpo Goldline Seohae Line
94%
920 Dongjak(Seoul National Cemetery) Line 4
89%
923 Express Bus Terminal Line 3Line 7
89%
917 Noryangjin Line 1
89%
915 Yeouido Line 5
83%
929 Bongeunsa
78%
913 Dangsan Line 2
78%
919 Heukseok(Chung-Ang Univ.)
78%
936 Olympic Park(Korea National Sport Univ.) Line 5
78%
925 Sinnonhyeon Sinbundang Line (DX Line)
78%
938 VHS Medical Center
78%
901 Gaehwa
72%
905 Magongnaru(Seoul Botanic Park) Airport Railroad
72%
918 Nodeul
72%
916 Saetgang(KB Financial Town) LRT Sillim Line
72%
922 Sinbanpo
72%
930 Sports Complex Line 2
72%
907 Gayang(Bumin Hospital)
67%
921 Gubanpo
67%
933 Seokchon(Hansol Hospital) Line 8
67%
927 Seonjeongneung Suin-Bundang Line
67%
903 Airport Market
61%
926 Eonju
61%
914 National Assembly(KDB Bank)
61%
931 Samjeon
61%
928 Samseong Jungang
61%
904 Sinbanghwa
61%
906 Yangcheon Hyanggyo
61%
909 Deungchon(Gangseo University)
56%
937 Dunchon Oryun
56%
935 Hanseong Baekje
56%
908 Jeungmi
56%
932 Seokchon Gobun
56%
912 Seonyudo
56%
911 Sinmokdong
56%
934 Songpanaru
56%
910 Yeomchang
56%
924 Sapyeong
50%
No matching quizzes found
Score Distribution
Percent of People with Each Score
Percentile by Number Answered
Your Score History
You have not taken this quiz since the last reset